Web crawler pre zber informácií z bezpečnostnej domény

Saved in:
Bibliographic Details
Main Author: Bednařík, Matúš (Author)
Other Authors: Balogh, Štefan (Thesis advisor)
Format: Manuscript Book
Language:Slovak
Published: Bratislava : STU v Bratislave FEI, 2025
Subjects:
Online Access:https://opac.crzp.sk/?fn=detailBiblioFormChildSFL1I&sid=8D80AD18777FCC7F64B0B14DC29E&seo=CRZP-detail-kniha
Tags: Add Tag
No Tags, Be the first to tag this record!

MARC

LEADER 00000ntm a22000003a 4500
001 stuzp101864
003 SK-STU
005 20251105105630.8
007 ta
008 150427s2015----xo-----f-mn---000-0-slo-d
040 |a STU  |b slo 
041 0 |a slo 
044 |a xo 
100 1 |a Bednařík, Matúš  |u 035000  |4 aut  |U FEI Fakulta elektrotechniky a informatiky  |T FEI Ústav informatiky a matematiky  |X 122674  |U E050  |Y 816  |7 122674 
242 0 1 |a Web crawler for collecting information from the security domain  |y eng 
245 1 0 |a Web crawler pre zber informácií z bezpečnostnej domény 
260 |a Bratislava :  |b STU v Bratislave FEI,  |c 2025 
300 |a 71 s. 
650 4 |a spracovanie prirodzeného jazyka  |2 slo 
650 4 |a rozpoznávanie pomenovaných entít (NER)  |2 slo 
650 4 |a malvér  |2 slo 
650 4 |a kyberbezpečnosť  |2 slo 
650 4 |a ontológia  |2 slo 
650 4 |a BERT  |2 slo 
650 4 |a Web crawler  |2 slo 
650 4 |a extrakcia entít  |2 slo 
650 4 |a spaCy  |2 slo 
650 4 |a python  |2 slo 
650 4 |a strojové učenie  |2 slo 
650 4 |a Web crawler  |2 eng 
650 4 |a entity extraction  |2 eng 
650 4 |a cybersecurity  |2 eng 
650 4 |a spaCy  |2 eng 
650 4 |a natural language processing  |2 eng 
650 4 |a named entity recognition (NER)  |2 eng 
650 4 |a malware  |2 eng 
650 4 |a ontology  |2 eng 
650 4 |a BERT  |2 eng 
650 4 |a python  |2 eng 
650 4 |a machine learning  |2 eng 
700 1 |a Balogh, Štefan  |u 035000  |k Z1  |4 ths  |U FEI Fakulta elektrotechniky a informatiky  |T FEI Ústav informatiky a matematiky  |X 30190  |U E050  |Y 816  |7 A000030190 
856 4 |u https://opac.crzp.sk/?fn=detailBiblioFormChildSFL1I&sid=8D80AD18777FCC7F64B0B14DC29E&seo=CRZP-detail-kniha